000 00770cam a22002651 4500
001 7489440
003 ARRUPE
005 20170217094553.0
008 750501s1960 ohu 000 0 eng
010 _a 60013359
035 _a(OCoLC)1309038
040 _aDLC
_cOKentU
_dOCoLC
_dDLC
042 _apremarc
050 0 0 _aCB311.G69
082 _a901.91
100 1 _aGreen, Peter,
_d1924-
_928899
245 1 0 _aEssays in antiquity.
_cby Green, Peter
250 _a[1st ed.]
260 _aCleveland,
_bThe World Publishing Co.
_c1960
300 _a224 p.;
_c23 cm.
650 0 _aCivilization, Ancient.
_928896
906 _a7
_bcbc
_coclcrpl
_du
_encip
_f19
_gy-gencatlg
942 _2lcc
_cMONOGRAPH
999 _c126155
_d126155